00890nam a22002057a 450000500170000001000150001702000270003203500140005903700130007308200290008624501130011525000150022826000400024327001450028330000270042870000380045594200310049399900190052495201410054320230915125828.0 aENG-138012 a9789388881456c1095.00 aEN-121544 bDBAD/PUB a305.800954512First 2020 aConverging Spectrum of Anthropology with Emaphasis on Assam and Adjoining Areas/cEdited By Dwipen Bezbaruah aFirst 2020 aAssambEBH Publishers (India)c2021 bAssama136, M.L. Nehru Road, Panbazar, Guwahatie781001k+913612513876k+913612519231k9207045352l+913612519231measternbookhouse@gmail.com a211p.c24cm(hbk)bill. aBezbaruah, Dwipen eEditor956699 2ddccENh305.80095451mCON c198190d198190 001040708NFICaAVbAVd2023-09-15eDBAD/PUBg1095.00l0o305.80095451 CONpEN-121544r2023-09-15 00:00:00t1v1095.00w2023-09-15yEN